000 00500nam a22001817a 4500
008 230421b |||||||| |||| 00| 0 eng d
020 _a0-306-34321-5
040 _aNational Science Library
_cNational Science Library
080 _a
_b
245 _aAdvances in nutritional research
_c
260 _aNew York:
_bPlenum Press,
_c1977
300 _axvii, 344p.
500 _aVol. 1 1977
650 _aScience
653 _aNutritional
700 _aDraper, Harold H (Ed.)
942 _2udc
_cBK
999 _c58305
_d58305